Acuerdo constitutivo del Centro Latinoamericano y del Caribe de la Juventud. (Record no. 132755)
[ view plain ]
| 000 -CABECERA | |
|---|---|
| campo de control de longitud fija | 00608nam a2200169 a 4500 |
| 005 - FECHA Y HORA DE LA ÚLTIMA TRANSACCIÓN | |
| campo de control | 20210219160208.0 |
| 008 - ELEMENTOS DE LONGITUD FIJA--INFORMACIÓN GENERAL | |
| campo de control de longitud fija | 080924s2000 mx r 000 0 spa d |
| 035 ## - NÚMERO DE CONTROL DEL SISTEMA | |
| Número de control de sistema | UPN01000160642 |
| 049 ## - COLECCIÓN | |
| Colección | UNE |
| 080 ## - NÚMERO DE CLASIFICACIÓN DECIMAL UNIVERSAL | |
| Número de la Clasificación Decimal Universal | OC 341.17: 362.8 (7/8) "1983" ACU |
| 245 00 - MENCIÓN DE TÍTULO | |
| Título | Acuerdo constitutivo del Centro Latinoamericano y del Caribe de la Juventud. |
| 260 ## - PUBLICACIÓN, DISTRIBUCIÓN, ETC. | |
| Lugar de publicación, distribución, etc. | Guatemala : Centro Latinoamericano y del Caribe de la Juventud, 1983. |
| 300 ## - DESCRIPCIÓN FÍSICA | |
| Extensión | pág. irregular.; 28 cm. |
| 690 ## - PUNTO DE ACCESO ADICIONAL DE MATERIA LOCAL--TÉRMINO DE MATERIA (OCLC, RLIN) | |
| Término de materia o nombre geográfico como elemento inicial | Organizaciones juveniles- America Latina |
| 710 2# - ASIENTO SECUNDARIO - NOMBRE CORPORATIVO | |
| Nombre de entidad corporativa o nombre de jurisdicción como elemento de entrada | Centro Latinoamericano y del Caribe de la Juventud. |
| 905 ## - TIPO DE MATERIAL | |
| Tipo de material | UNESCO |
No items available.
